| 000 | 00853nam a22002417a 4500 | ||
|---|---|---|---|
| 999 |
_c15780 _d15780 |
||
| 003 | MIRAKIL | ||
| 005 | 20240325165702.0 | ||
| 008 | 240325b tu ||||| |||| 00| 0 tur d | ||
| 020 | _a9789751634702 | ||
| 040 |
_aTR-AnCHP _cTR-AnCHP |
||
| 041 | _atur | ||
| 082 |
_a355.003 _bS21a 2018 |
||
| 100 | _aSabuncuoğlu, Nurhan | ||
| 245 | 1 | 0 |
_aAnsiklopedik askeri terimler sözlüğü, İngilizce-Türkçe / _cNurhan Sabuncuoğlu. |
| 260 |
_aAnkara : _bTürk Dil Kurumu, _c2018. |
||
| 300 |
_a884 sayfa ; _c25 cm. |
||
| 490 | 0 |
_aTürk Dil Kurumu Yayınları ; _v1257. |
|
| 500 | _aİngilizce adı: Encylopedic military terms dictionary, English-Turkish. | ||
| 504 | _aKaynakça: sayfa 881-884. | ||
| 650 | 0 |
_97890 _aAskeri sözlük |
|
| 856 | _zDijital Nüshası için Partimizin Kütüphane Sorumlusu ile iletişime geçiniz. | ||
| 942 |
_2ddc _cBKS |
||